MARC

LEADER 00000nam0a2200000 4500
001 57967
005 20231031054633.0
010 |a 5787100689 
010 |a 5-7838-1141-6 
035 |a (RuTPU)RU\TPU\book\61194 
090 |a 57967 
100 |a 20031120d2002 m y0rusy50 ca 
101 0 |a rus 
102 |a RU 
105 |a a g 001zy 
200 1 |a Универсальный справочник по физике  |f О. К. Костко 
210 |a Москва  |c Лист-Нью  |c Вече  |d 2002 
215 |a 480 с.  |c ил. 
320 |a Алфавитный указатель: с. 474-478 
610 1 |a справочники 
610 1 |a физика 
610 1 |a механика 
610 1 |a термодинамика 
610 1 |a электричество 
610 1 |a магнетизм 
610 1 |a оптика 
610 1 |a электромагнитные волны 
610 1 |a ядерная физика 
610 1 |a атомная физика 
610 1 |a квантовая электроника 
610 1 |a тепловое излучение 
675 |a 53(035)  |v 3 
700 1 |a Костко  |b О. К.  |g Олег Константинович 
801 1 |a RU  |b 63413507  |c 20031120  |g PSBO 
801 2 |a RU  |b 63413507  |c 20170919  |g PSBO 
942 |c BK